Food composition table for use in Latin America

Wedi'i Gadw mewn:
Manylion Llyfryddiaeth
Prif Awduron: Woot-Tsuen, Wu Leung (Awdur), Flores, Marina (Awdur)
Fformat: Llyfr
Iaith:Saesneg
Cyhoeddwyd: Washington, D.C U.S. Goverment Printing Office 1961
Pynciau:
Tagiau: Ychwanegu Tag
Dim Tagiau, Byddwch y cyntaf i dagio'r cofnod hwn!

MARC

LEADER 00000nam a2200000 a 4500
001 UCR6703
003 CL-VaPUC
008 980423e19610000US |||||||||||||||||eng|d
082 0 4 |a 641.1  |b WOO  |2 21 
100 0 |a Woot-Tsuen, Wu Leung  |e author  |9 407702 
700 0 |a Flores, Marina  |e author  |9 407703 
245 1 0 |a Food composition table for use in Latin America 
300 |a 145 p 
942 |c BK 
945 |d 19980423 00:00:00  |a crobeson 
260 |a Washington, D.C  |b U.S. Goverment Printing Office  |c 1961 
650 0 |a Alimentos  |9 256203 
650 7 |a COMPOSICION  |2 CL-VaPUC  |9 262958 
651 0 |a América Latina   |9 255027 
583 |a last modification  |c 19980423 00:00:00  |k Rodrigo Vera 
999 |c 268633  |d 268631 
952 |0 0  |1 2  |2 ddc  |4 0  |6 641_100000000000000_WOO_1961  |7 0  |8 A  |9 301850  |a BIBALI  |b BIBALI  |c GEN  |d 2019-11-20  |i 1981625  |o 641.1 WOO 1961  |p 1981625  |r 2019-11-20  |w 2019-11-20  |y BK  |k ALI